[Event "EU-ch Seniors 65 17th"]
[Site "Sabadell"]
[Date "2017.08.13"]
[Round "2"]
[White "Batakovs, Olegs N"]
[Black "Lederman, Leon S"]
[Result "0-1"]
[WhiteElo "2078"]
[BlackElo "2241"]
[PlyCount "94"]
[EventDate "2017.08.12"]
[EventType "swiss"]
[EventRounds "9"]
[EventCountry "ESP"]
[SourceTitle "CBM 180 Extra"]
[Source "ChessBase"]
[SourceDate "2017.10.06"]
[SourceVersion "1"]
[SourceVersionDate "2017.10.06"]
[SourceQuality "1"]

1. e4 c5 2. Nf3 d6 3. d4 cxd4 4. Nxd4 Nf6 5. Nc3 a6 6. Be3 e5 7. Nb3 Be6 8. f3 Nbd7 9. Qd2 Rc8 10. 0-0-0 h5 11. Kb1 Qc7 12. h3 Be7 13. Qf2 Bd8 14. Qd2 Be7 15. Qf2 b5 16. Nd5 Bxd5 17. exd5 Bd8 18. Qd2 Nb6 19. Bxb6 Qxb6 20. Bd3 0-0 21. g4 a5 22. Bf5 Rc4 23. g5 Nh7 24. h4 a4 25. Nc1 g6 26. Be4 Qa5 27. Qe2 Bb6 28. Bd3 Rc5 29. a3 b4 30. axb4 Qxb4 31. Na2 Qa5 32. Be4 Rb8 33. Qd2 Rb5 34. c3 Bc5 35. Rh2 Ba3 36. Qc1 Rxb2+ 37. Rxb2 Rxb2+ 38. Qxb2 Bxb2 39. Kxb2 Nf8 40. Nb4 Nd7 41. Ra1 Nb6 42. Bc2 Qc5 43. Bxa4 Qf2+ 44. Kb3 Qxh4 45. Bb5 Qxg5 46. Ra7 Qg1 47. Rb7 Kf8 0-1

[Event "Wch Seniors 65 26th"]
[Site "Marianske Lazne"]
[Date "2016.11.24"]
[Round "6"]
[White "Horyna, Josef"]
[Black "Batakovs, Olegs N"]
[Result "0-1"]
[WhiteElo "1746"]
[BlackElo "2034"]
[PlyCount "82"]
[EventDate "2016.11.19"]
[EventType "swiss"]
[EventRounds "11"]
[EventCountry "CZE"]
[SourceTitle "CBM 175 Extra"]
[Source "ChessBase"]
[SourceDate "2016.12.12"]
[SourceVersion "1"]
[SourceVersionDate "2016.12.12"]
[SourceQuality "1"]

1. d4 Nf6 2. Nf3 g6 3. g3 Bg7 4. Bg2 0-0 5. 0-0 d6 6. c3 c6 7. Nbd2 Nbd7 8. e4 Qc7 9. Re1 e5 10. dxe5 dxe5 11. Qc2 b6 12. b3 Ba6 13. Bb2 Rad8 14. c4 Rfe8 15. b4 Nf8 16. Rad1 N6d7 17. Nb3 Ne6 18. c5 bxc5 19. Nxc5 Ndxc5 20. bxc5 Nd4 21. Nxd4 exd4 22. Qd2 d3 23. Bxg7 Kxg7 24. f4 Qd7 25. Qc3+ Qd4+ 26. Qxd4+ Rxd4 27. e5 Bb5 28. Rd2 Red8 29. Rc1 f6 30. exf6+ Kxf6 31. Kf2 Re8 32. Bf3 h5 33. h4 Re6 34. Rc3 a5 35. Ra3 a4 36. Rc3 Rb4 37. Bg2 Re2+ 38. Rxe2 dxe2 39. Rc1 Rb2 40. Ke1 Rxa2 41. Bf3 a3 0-1

[Event "EU-ch Seniors 65 15th"]
[Site "Eretria"]
[Date "2015.04.30"]
[Round "2"]
[White "Batakovs, Olegs N"]
[Black "Gruzmann, Boris"]
[Result "0-1"]
[WhiteElo "2095"]
[BlackElo "2210"]
[PlyCount "86"]
[EventDate "2015.04.29"]
[EventType "swiss"]
[EventRounds "9"]
[EventCountry "GRE"]
[SourceTitle "CBM 166 Extra"]
[Source "ChessBase"]
[SourceDate "2015.06.18"]
[SourceVersion "1"]
[SourceVersionDate "2015.06.18"]
[SourceQuality "1"]

1. e4 e5 2. Nf3 Nc6 3. Bb5 a6 4. Ba4 d6 5. c3 f5 6. exf5 Bxf5 7. d3 Nf6 8. 0-0 Be7 9. Bg5 b5 10. Bc2 0-0 11. Nbd2 Qd7 12. Re1 Rae8 13. a4 h6 14. Bh4 g5 15. Bg3 Kg7 16. axb5 axb5 17. d4 exd4 18. Nxd4 Nxd4 19. cxd4 Nd5 20. Be4 Nf6 21. Rc1 Nxe4 22. Nxe4 Bd8 23. Nc3 Rxe1+ 24. Qxe1 h5 25. f3 h4 26. Bf2 h3 27. g3 Bd3 28. Qe3 Qf5 29. Rd1 Bc4 30. Ra1 Qxf3 31. Qxf3 Rxf3 32. Ra8 Bf6 33. Ra1 d5 34. Rd1 g4 35. Nb1 Kg6 36. Na3 Bd3 37. Rc1 b4 38. Nb1 Bg5 39. Re1 Bc4 40. Rd1 Rd3 41. Re1 c6 42. Kh1 Bb3 43. Kg1 Rd1 0-1

[Event "Wch Seniors 65 24th"]
[Site "Katerini"]
[Date "2014.11.03"]
[Round "10"]
[White "Batakovs, Olegs N"]
[Black "Kayaman, Metin"]
[Result "1/2-1/2"]
[WhiteElo "2098"]
[BlackElo "1878"]
[PlyCount "65"]
[EventDate "2014.10.24"]
[EventType "swiss"]
[EventRounds "11"]
[EventCountry "GRE"]
[SourceTitle "EXT 2015"]
[Source "ChessBase"]
[SourceDate "2014.11.20"]
[SourceVersion "1"]
[SourceVersionDate "2014.11.20"]
[SourceQuality "1"]

1. e4 c5 2. Nf3 Nc6 3. d4 cxd4 4. Nxd4 Nf6 5. Nc3 d6 6. Bg5 e6 7. Qd2 Bd7 8. 0-0-0 a6 9. f3 Be7 10. Kb1 Qc7 11. g4 0-0-0 12. Be3 h6 13. Qf2 Ne5 14. Nb3 Rde8 15. Bb6 Qb8 16. h3 Nc6 17. Qd2 Ne5 18. f4 Ng6 19. Bc4 Bc6 20. Rhe1 Bd8 21. Bd4 Bc7 22. f5 Ne5 23. Bxe5 dxe5 24. fxe6 fxe6 25. Nc5 Qa7 26. Nxe6 Ba5 27. Qd6 Qb6 28. Qc5 Qxc5 29. Nxc5 Bb4 30. Nd3 Bxc3 31. bxc3 Nxe4 32. Kb2 Rhf8 33. Re3 1/2-1/2

[Event "Wch Seniors 65 24th"]
[Site "Katerini"]
[Date "2014.10.29"]
[Round "6"]
[White "Batakovs, Olegs N"]
[Black "Kolbak, Jens"]
[Result "1/2-1/2"]
[WhiteElo "2098"]
[BlackElo "2232"]
[PlyCount "54"]
[EventDate "2014.10.24"]
[EventType "swiss"]
[EventRounds "11"]
[EventCountry "GRE"]
[SourceTitle "EXT 2015"]
[Source "ChessBase"]
[SourceDate "2014.11.20"]
[SourceVersion "1"]
[SourceVersionDate "2014.11.20"]
[SourceQuality "1"]

1. e4 e5 2. Nf3 Nc6 3. Bb5 Bc5 4. Bxc6 dxc6 5. 0-0 Bg4 6. d3 Qe7 7. h3 Bh5 8. Qe2 0-0-0 9. Be3 Nf6 10. Nbd2 Nd7 11. Nb3 Bxe3 12. Qxe3 c5 13. a4 f6 14. a5 Bf7 15. Ra3 g5 16. Re1 Rhg8 17. Nh2 h5 18. Nf1 h4 19. Qe2 Be6 20. f3 Nb8 21. Qf2 Na6 22. Ne3 Rge8 23. Re2 Kb8 24. Qe1 Rd7 25. Qc3 Red8 26. Re1 Rd4 27. Re2 R4d7 1/2-1/2

[Event "Wch Seniors 65 24th"]
[Site "Katerini"]
[Date "2014.10.28"]
[Round "5"]
[White "Gruzmann, Boris"]
[Black "Batakovs, Olegs N"]
[Result "0-1"]
[WhiteElo "2246"]
[BlackElo "2098"]
[PlyCount "64"]
[EventDate "2014.10.24"]
[EventType "swiss"]
[EventRounds "11"]
[EventCountry "GRE"]
[SourceTitle "EXT 2015"]
[Source "ChessBase"]
[SourceDate "2014.11.20"]
[SourceVersion "1"]
[SourceVersionDate "2014.11.20"]
[SourceQuality "1"]

1. e4 c5 2. Nf3 e6 3. d4 cxd4 4. Nxd4 Nc6 5. Nb3 Nf6 6. Nc3 a6 7. Bd3 Be7 8. 0-0 0-0 9. f4 d6 10. Qf3 Qc7 11. Bd2 Re8 12. Rae1 Nd7 13. Qh3 Nf8 14. Rf3 b5 15. a3 b4 16. axb4 Nxb4 17. e5 Nxd3 18. Rxd3 Bb7 19. Kh1 Red8 20. Rg3 Ng6 21. exd6 Bxd6 22. Ne2 Nxf4 23. Qg4 Ng6 24. Ba5 Qxc2 25. Rc3 Qxb2 26. Bxd8 Rxd8 27. Rh3 Be5 28. Nbc1 Qc2 29. Rg1 Rd1 30. Nb3 Rxg1+ 31. Nxg1 Nf4 32. Rg3 g6 0-1

[Event "Wch Seniors 23rd"]
[Site "Opatija"]
[Date "2013.11.21"]
[Round "9"]
[White "Batakovs, Olegs N"]
[Black "Catania, Duane"]
[Result "1-0"]
[WhiteElo "2075"]
[BlackElo "2029"]
[PlyCount "67"]
[EventDate "2013.11.12"]
[EventType "swiss"]
[EventRounds "11"]
[EventCountry "CRO"]
[SourceTitle "CBM 157 Extra"]
[Source "ChessBase"]
[SourceDate "2013.12.19"]
[SourceVersion "1"]
[SourceVersionDate "2013.12.19"]
[SourceQuality "1"]

1. e4 e6 2. d4 d5 3. Nc3 Nf6 4. Bg5 Bb4 5. e5 h6 6. Bd2 Bxc3 7. bxc3 Ne4 8. Qg4 g6 9. Bd3 Nxd2 10. Kxd2 c5 11. Nf3 Nc6 12. Bb5 Qa5 13. Bxc6+ bxc6 14. Rhb1 Ba6 15. Qf4 cxd4 16. Nxd4 Qc7 17. Nb3 Bc4 18. Nc5 Rb8 19. Rxb8+ Qxb8 20. Kc1 Qb6 21. Rb1 Bb5 22. Qd4 Qd8 23. a4 Bc4 24. Rb7 0-0 25. Nd7 a6 26. Nxf8 Kxf8 27. Qf4 Qe8 28. Qxh6+ Kg8 29. Qf4 c5 30. Qf6 d4 31. Re7 Qf8 32. Rd7 Qh6+ 33. f4 Qg7 34. Rd8+ 1-0

[Event "Wch Seniors 23rd"]
[Site "Opatija"]
[Date "2013.11.18"]
[Round "6"]
[White "Yakimenko, Alexander A"]
[Black "Batakovs, Olegs N"]
[Result "1-0"]
[WhiteElo "2212"]
[BlackElo "2075"]
[PlyCount "67"]
[EventDate "2013.11.12"]
[EventType "swiss"]
[EventRounds "11"]
[EventCountry "CRO"]
[SourceTitle "CBM 157 Extra"]
[Source "ChessBase"]
[SourceDate "2013.12.19"]
[SourceVersion "1"]
[SourceVersionDate "2013.12.19"]
[SourceQuality "1"]

1. d4 Nf6 2. c4 g6 3. Nf3 Bg7 4. Nc3 0-0 5. e4 d6 6. Be2 e5 7. 0-0 exd4 8. Nxd4 Re8 9. f3 Nc6 10. Nxc6 bxc6 11. Bg5 Be6 12. Qd2 Rb8 13. Rae1 Qc8 14. b3 Nd7 15. Kh1 Nc5 16. Bh6 Bh8 17. f4 Bg4 18. Bf3 Bxf3 19. Rxf3 f5 20. Rfe3 Nxe4 21. Nxe4 Rxe4 22. Rxe4 fxe4 23. Rxe4 Qf5 24. Qe2 Bg7 25. Bxg7 Kxg7 26. Re7+ Kh6 27. g3 Rf8 28. Rxc7 Rf6 29. Re7 g5 30. fxg5+ Qxg5 31. Kg2 d5 32. h4 Qg6 33. g4 Rf7 34. Re6 1-0

[Event "Wch Seniors 22nd"]
[Site "Kamena Vourla"]
[Date "2012.11.19"]
[Round "7"]
[White "Batakovs, Olegs N"]
[Black "Pritchett, Craig William"]
[Result "0-1"]
[WhiteElo "2109"]
[BlackElo "2348"]
[PlyCount "84"]
[EventDate "2012.11.13"]
[EventType "swiss"]
[EventRounds "11"]
[EventCountry "GRE"]
[SourceTitle "CBM 151 Extra"]
[Source "ChessBase"]
[SourceDate "2012.12.18"]
[SourceVersion "1"]
[SourceVersionDate "2012.12.18"]
[SourceQuality "1"]

1. e4 c5 2. Nf3 e6 3. d4 cxd4 4. Nxd4 a6 5. Bd3 Nf6 6. 0-0 d6 7. Nc3 Nbd7 8. Qe2 Be7 9. Be3 0-0 10. f4 Qc7 11. a4 Nc5 12. f5 e5 13. Nb3 Nxd3 14. Qxd3 Bd7 15. Bg5 Bc6 16. Bxf6 Bxf6 17. Rad1 Rfd8 18. Rf3 Rac8 19. a5 h6 20. Qe2 b5 21. axb6 Qxb6+ 22. Kh1 a5 23. Rb1 Qb4 24. Nd2 Bb7 25. Na2 Qa4 26. Nc3 Qxc2 27. Qd3 Qxd3 28. Rxd3 Bg5 29. Nf3 Rc4 30. Ra1 Bxe4 31. Nxe4 Rxe4 32. Rxa5 Re2 33. Rd1 Rb8 34. Ra2 Rbxb2 35. Rxb2 Rxb2 36. Nxg5 hxg5 37. g4 Rb6 38. Kg2 Kf8 39. Kf3 Ke7 40. h3 Rb3+ 41. Ke4 Rxh3 42. Ra1 Rg3 0-1

[Event "EU-ch Seniors 12th"]
[Site "Kaunas"]
[Date "2012.08.26"]
[Round "9"]
[White "Batakovs, Olegs N"]
[Black "Grinberg, Iosif P"]
[Result "1/2-1/2"]
[WhiteElo "2115"]
[BlackElo "2202"]
[PlyCount "76"]
[EventDate "2012.08.18"]
[EventType "swiss"]
[EventRounds "9"]
[EventCountry "LTU"]
[SourceTitle "CBM 150 Extra"]
[Source "ChessBase"]
[SourceDate "2012.10.19"]
[SourceVersion "1"]
[SourceVersionDate "2012.10.19"]
[SourceQuality "1"]

1. e4 e5 2. Nf3 Nc6 3. Bb5 a6 4. Ba4 Nf6 5. 0-0 Be7 6. Re1 b5 7. Bb3 d6 8. c3 0-0 9. h3 Na5 10. Bc2 c5 11. d4 Qc7 12. Nbd2 Rd8 13. Nf1 cxd4 14. cxd4 exd4 15. Nxd4 d5 16. e5 Ne4 17. Bf4 Nc4 18. b3 Na3 19. Rc1 Nxc2 20. Rxc2 Nc3 21. Qf3 b4 22. e6 Bd6 23. Bxd6 Rxd6 24. a3 Qa7 25. axb4 Ne4 26. Rec1 Bxe6 27. Nxe6 fxe6 28. Rc8+ Rd8 29. R1c7 Qd4 30. Qf7+ Kh8 31. Rxa8 Rxa8 32. Re7 h6 33. Rxe6 Qxb4 34. Rg6 Qf8 35. Qxf8+ Rxf8 36. Rxa6 Rxf2 37. Ra5 Rb2 38. Rxd5 Rxb3 1/2-1/2

[Event "EU-ch Seniors 12th"]
[Site "Kaunas"]
[Date "2012.08.25"]
[Round "8"]
[White "Karasev, Vladimir I"]
[Black "Batakovs, Olegs N"]
[Result "1-0"]
[WhiteElo "2380"]
[BlackElo "2115"]
[PlyCount "142"]
[EventDate "2012.08.18"]
[EventType "swiss"]
[EventRounds "9"]
[EventCountry "LTU"]
[SourceTitle "CBM 150 Extra"]
[Source "ChessBase"]
[SourceDate "2012.10.19"]
[SourceVersion "1"]
[SourceVersionDate "2012.10.19"]
[SourceQuality "1"]

1. d4 Nf6 2. c4 g6 3. Nc3 Bg7 4. e4 d6 5. f4 0-0 6. Nf3 c5 7. d5 e6 8. dxe6 Bxe6 9. Bd3 Nc6 10. f5 Bd7 11. 0-0 Qb6 12. Qe1 Nd4 13. Qh4 Bc6 14. Nxd4 cxd4 15. Nd5 Bxd5 16. exd5 Nd7 17. f6 Bh8 18. Rf3 Ne5 19. Rh3 h5 20. b3 Rfe8 21. Bg5 Nxd3 22. Rxd3 Re5 23. Rf1 Rae8 24. Bd2 Re4 25. Qg3 Re2 26. h3 Qd8 27. Qf3 R8e4 28. a4 Qe8 29. Qg3 Qd8 30. Qf3 Qe8 31. Bg5 Re1 32. Rd1 Rxd1 33. Qxd1 Qe5 34. Qd3 Re1 35. h4 Rxf1+ 36. Qxf1 d3 37. Qxd3 Bxf6 38. Bxf6 Qxf6 39. c5 Qxh4 40. Qe3 Qd8 41. c6 bxc6 42. dxc6 Qc7 43. Qc3 d5 44. b4 d4 45. Qc4 d3 46. Kf2 h4 47. Qxd3 Qxc6 48. Qd8+ Kg7 49. Qd4+ Kg8 50. b5 Qc2+ 51. Kf3 Qf5+ 52. Qf4 Qd3+ 53. Kg4 Qe2+ 54. Kh3 Qe1 55. Kh2 Kg7 56. Qd4+ Kg8 57. Qxa7 Qg3+ 58. Kh1 h3 59. gxh3 Qxh3+ 60. Kg1 Qg3+ 61. Kf1 Qf3+ 62. Ke1 Qc3+ 63. Ke2 g5 64. Qa8+ Kg7 65. Qc6 Qb2+ 66. Kd3 Qb1+ 67. Qc2 Qf1+ 68. Qe2 Qf5+ 69. Qe4 Qf1+ 70. Kd4 f5 71. Qd3 Qf2+ 1-0